<?xml version="1.0" encoding="UTF-8"?>
<collection xmlns="http://www.loc.gov/MARC21/slim">
 <record>
  <leader>     na                 </leader>
  <controlfield tag="001">INLIS000000000002793</controlfield>
  <controlfield tag="005">20260129012047</controlfield>
  <controlfield tag="035">$a 0010-0126000205</controlfield>
  <controlfield tag="245">$a Aku Selalu Bersyukur /$c Desi Damayanti</controlfield>
  <controlfield tag="100">$a Desi Damayanti</controlfield>
  <controlfield tag="300">$a 28 hlm : $b ilus ; $c 15 x 21 cm</controlfield>
  <controlfield tag="260">$a Jawa Barat :$b CV Bina Pustaka,$c 2020</controlfield>
  <controlfield tag="082">$a 813</controlfield>
  <controlfield tag="084">$a 813 DES a</controlfield>
  <controlfield tag="020">$a 978-979-093-565-5</controlfield>
  <controlfield tag="990">$a 1182/2025 c.1</controlfield>
  <controlfield tag="990">$a 1183/2025 c.2</controlfield>
 </record>
</collection>
